| 000 | 00633nam a2200193 a 4500 | ||
|---|---|---|---|
| 001 | 000035458 | ||
| 005 | 20200930074345.0 | ||
| 008 | 111101s1990 sp a 000 0 spa d | ||
| 020 | _a8487598021 | ||
| 040 |
_aDO-SdBNP _bspa _cBNPHU |
||
| 082 |
_axxxx _bxxxx |
||
| 100 | 1 |
_aGrinberg, Jacobo _961310 |
|
| 245 | 1 | 3 |
_aLa creación de la experiencia / _cJacobo Grinberg, Zylberbaum ; traducción Eduardo Roselló Toca. |
| 260 |
_aMadrid, : _bLos libros del comienzo, _c1990. |
||
| 300 |
_a215 p. : _bil. ; _c21 cm. |
||
| 504 | _aBibliografía : p. 211-215 | ||
| 700 | 1 |
_aZylberbaum _961311 |
|
| 700 | 1 |
_aRoselló toca, Eduardo, _etr. _961312 |
|
| 999 |
_c34949 _d34949 |
||